00432 2200169 4500001002100000005001500021035002000036245005300056100001700109250001700126300002800143260002900171082001000200084001600210020002200226650001400248INLIS00000000000043520240630052032 a0010-06240001441 aPetunjuk Praktis Menanam Cengkeh /cNeni Suhaeni0 aNeni Suhaeni acetakan ke-1 a56 hlm :bilus ;c21 cm aBandung :bNuansa,c2007 a633.8 a633.8 NEN p a978-979-948-183-X 4aPertanian